| 000 | 00537nam a2200193Ia 4500 | ||
|---|---|---|---|
| 003 | GCL | ||
| 008 | 140319s9999 xx 000 0 eng d | ||
| 020 | _a0070544200 | ||
| 040 |
_aGCL / _cGCL |
||
| 082 | 0 | 4 |
_a949.61 _bR I |
| 100 | 1 | _aRUBIN, WILLIAM | |
| 245 | 1 | 0 |
_aISTANBUL INTRIGUES / _cRUBIN, WILLIAM |
| 260 |
_a[S.N] : _bMC GRAW - HILL ، _c1989 |
||
| 300 |
_aX1V, 301 P _bILL. ؛ _c24 cm. |
||
| 650 | 0 | 4 | _aWORLD WAR II |
| 650 | 0 | 4 | _aISTANBUL - HISTORY - ANECADATES |
| 650 | 0 | 4 | _aTURKEY - NONALIGNMENT - ANECDATES |
| 942 |
_2ddc _cBK |
||
| 999 |
_c4756 _d4756 |
||